[Event "HUN-chT2 Erkel 2122"]
[Site "Hungary"]
[Date "2021.12.19"]
[Round "4.11"]
[White "Sass, Oscar"]
[Black "Slezak, Daniel Robert"]
[Result "1-0"]
[WhiteElo "1385"]
[BlackElo "1781"]
[PlyCount "79"]
[EventDate "2021.10.10"]
[EventType "team-tourn"]
[EventRounds "9"]
[EventCountry "HUN"]
[SourceTitle "EXT 2025"]
[Source "ChessBase"]
[SourceDate "2024.10.14"]
[SourceVersion "1"]
[SourceVersionDate "2024.10.14"]
[SourceQuality "1"]
[WhiteTeam "Sarkany DSE"]
[BlackTeam "Vac"]
[WhiteTeamCountry "HUN"]
[BlackTeamCountry "HUN"]

1. e4 g6 2. d4 d6 3. Nc3 Nf6 4. Be3 Bg7 5. Be2 c6 6. h3 0-0 7. Nf3 b5 8. a3 Bb7 9. e5 Nfd7 10. e6 fxe6 11. Ng5 Rf6 12. Nce4 Nf8 13. Nxf6+ exf6 14. Ne4 c5 15. Bf3 cxd4 16. Nxf6+ Qxf6 17. Bxb7 dxe3 18. 0-0 Qe5 19. Qe2 d5 20. fxe3 Qc7 21. Bxa8 a6 22. Qf3 Qa7 23. Bxd5 exd5 24. Qxd5+ Kh8 25. Kh1 Qxe3 26. Rf3 Qb6 27. Raf1 Nbd7 28. Rf7 Qd8 29. c3 Qe8 30. Qd6 a5 31. Re7 Qc8 32. Rff7 Be5 33. Qd5 Bf6 34. Rxd7 Nxd7 35. Qxd7 Qxd7 36. Rxd7 b4 37. axb4 axb4 38. cxb4 Bxb2 39. b5 Be5 40. b6 1-0

[Event "HUN-chT2 Erkel 1112"]
[Site "Hungary"]
[Date "2012.02.19"]
[Round "6.11"]
[White "Slezak, Daniel Robert"]
[Black "Kovacs, Daniel1"]
[Result "0-1"]
[WhiteElo "1763"]
[BlackElo "1752"]
[PlyCount "60"]
[EventDate "2011.09.25"]
[EventType "team-tourn"]
[EventRounds "11"]
[EventCountry "HUN"]
[SourceTitle "EXT 2013"]
[Source "ChessBase"]
[SourceDate "2012.11.22"]
[SourceVersion "1"]
[SourceVersionDate "2012.11.22"]
[SourceQuality "1"]
[WhiteTeam "Vaci"]
[BlackTeam "Paszto"]
[WhiteTeamCountry "HUN"]
[BlackTeamCountry "HUN"]

1. e4 e5 2. Nf3 Nc6 3. Bc4 Bc5 4. 0-0 d6 5. d3 h6 6. Be3 Bb6 7. Nc3 Nf6 8. Nd5 0-0 9. Qc1 Ng4 10. Bd2 Nd4 11. Nxb6 Ne2+ 12. Kh1 Nxc1 13. Nxa8 Ne2 14. c3 Nf4 15. d4 Ng6 16. h3 Nf6 17. dxe5 Nxe5 18. Nxe5 dxe5 19. Rfd1 Nxe4 20. Be3 Qe7 21. Bd5 Nf6 22. Bxa7 Nxd5 23. Rxd5 Be6 24. Bc5 Qg5 25. Be3 Qh4 26. Ra5 b6 27. Ra7 Bd5 28. f3 Rxa8 29. Rxc7 Qg3 30. Bxb6 Ra6 0-1

[Event "HUN-chT2 Erkel 1112"]
[Site "Hungary"]
[Date "2012.01.29"]
[Round "5.11"]
[White "Kozak, Adam"]
[Black "Slezak, Daniel Robert"]
[Result "1-0"]
[WhiteElo "1833"]
[BlackElo "1763"]
[PlyCount "75"]
[EventDate "2011.09.25"]
[EventType "team-tourn"]
[EventRounds "11"]
[EventCountry "HUN"]
[SourceTitle "EXT 2013"]
[Source "ChessBase"]
[SourceDate "2012.11.22"]
[SourceVersion "1"]
[SourceVersionDate "2012.11.22"]
[SourceQuality "1"]
[WhiteTeam "Sarkany"]
[BlackTeam "Vaci"]
[WhiteTeamCountry "HUN"]
[BlackTeamCountry "HUN"]

1. d4 Nf6 2. c4 g6 3. Nc3 d5 4. cxd5 Nxd5 5. Na4 Bg7 6. e4 Nb4 7. a3 Qxd4 8. axb4 Qxb4+ 9. Bd2 Qxe4+ 10. Be2 Nc6 11. Nf3 0-0 12. 0-0 Rd8 13. Re1 Bg4 14. Qc1 Nd4 15. Nxd4 Bxd4 16. Bxg4 Qxg4 17. Bc3 Qh4 18. g3 Qg4 19. Kg2 e5 20. Qc2 c5 21. h3 Qc8 22. Bxd4 exd4 23. Qxc5 Rd7 24. Rac1 Qd8 25. Red1 Rd5 26. Qa3 Ra5 27. Qb4 Qd5+ 28. Kg1 Rd8 29. Rxd4 Qxd4 30. Qxa5 Qd7 31. Kh2 Qd4 32. Rc2 Qd3 33. Qc3 Qf1 34. Rd2 Rd5 35. h4 Qe1 36. Rc2 Qe4 37. Nc5 Qf5 38. Re2 1-0

[Event "Budapest FS08 FM-C"]
[Site "Budapest"]
[Date "2010.08.16"]
[Round "10"]
[White "Bohus, Adam"]
[Black "Slezak, Daniel Robert"]
[Result "0-1"]
[WhiteElo "1617"]
[BlackElo "1645"]
[PlyCount "90"]
[EventDate "2010.08.07"]
[EventType "tourn"]
[EventRounds "11"]
[EventCountry "HUN"]
[SourceTitle "CBM 137 Extra"]
[Source "ChessBase"]
[SourceDate "2010.09.01"]
[SourceVersion "1"]
[SourceVersionDate "2010.09.01"]
[SourceQuality "1"]

1. Nf3 Nf6 2. d4 c5 3. c4 e6 4. Nc3 d5 5. e3 Nc6 6. Bd3 dxc4 7. Bxc4 cxd4 8. exd4 Be7 9. 0-0 0-0 10. Be3 b6 11. d5 Na5 12. Bb3 Nxb3 13. Qxb3 exd5 14. Rad1 Bb7 15. Nd4 Bd6 16. h3 Be5 17. Rfe1 Re8 18. Qc2 Bxd4 19. Bxd4 Qd6 20. Bxf6 Rxe1+ 21. Rxe1 Qxf6 22. Qe2 g6 23. Qe7 Qc6 24. f3 d4 25. Ne4 d3 26. Nd6 Qc5+ 27. Kh1 Bd5 28. Nf5 Be6 29. Rxe6 Qxf5 30. Rf6 Qd5 31. Rd6 Qxa2 32. Rd8+ Rxd8 33. Qxd8+ Kg7 34. Qd4+ f6 35. Qd7+ Kh6 36. Qd4 Qe6 37. Qxd3 Qe1+ 38. Kh2 Qe5+ 39. Kg1 Qxb2 40. Qe3+ g5 41. h4 Qb1+ 42. Kf2 Qb2+ 43. Kg1 Qe5 44. hxg5+ Qxg5 45. f4 Qc5 0-1

[Event "Budapest FS08 FM-C"]
[Site "Budapest"]
[Date "2010.08.13"]
[Round "7"]
[White "Slezak, Daniel Robert"]
[Black "Toth, Antal"]
[Result "1-0"]
[WhiteElo "1645"]
[BlackElo "1694"]
[PlyCount "104"]
[EventDate "2010.08.07"]
[EventType "tourn"]
[EventRounds "11"]
[EventCountry "HUN"]
[SourceTitle "CBM 137 Extra"]
[Source "ChessBase"]
[SourceDate "2010.09.01"]
[SourceVersion "1"]
[SourceVersionDate "2010.09.01"]
[SourceQuality "1"]

1. e4 c6 2. d4 d5 3. Nc3 dxe4 4. Nxe4 Bf5 5. Bd3 Bxe4 6. Bxe4 Nf6 7. Qd3 Nxe4 8. Qxe4 Nd7 9. Nf3 Nf6 10. Qd3 g6 11. 0-0 Bg7 12. Qb3 Qc7 13. Ne5 0-0 14. Bf4 Qc8 15. Bg5 e6 16. Bxf6 Bxf6 17. Qf3 Bg7 18. c3 Qc7 19. Qg3 Bxe5 20. Qxe5 Qxe5 21. dxe5 Rad8 22. Rad1 Rd5 23. Rxd5 exd5 24. f4 f5 25. Kf2 Kf7 26. Ke3 c5 27. a3 Ke6 28. b4 b6 29. bxc5 bxc5 30. Rb1 Rf7 31. a4 Rc7 32. Rb5 Ke7 33. a5 Ke6 34. Rb8 Ke7 35. a6 Ke6 36. Rb7 Kd7 37. Kd3 Kc6 38. Rxc7+ Kxc7 39. Kc2 h6 40. Kb3 g5 41. g3 g4 42. Ka4 Kc6 43. Ka5 h5 44. Ka4 Kb6 45. Ka3 Kxa6 46. Kb3 Kb6 47. Ka3 Kc6 48. Ka4 Kb6 49. e6 Kc6 50. e7 Kd7 51. Kb5 Kxe7 52. Kxc5 Ke6 1-0

[Event "Budapest Spring op 26th"]
[Site "Budapest"]
[Date "2010.03.20"]
[Round "2"]
[White "Slezak, Daniel Robert"]
[Black "Farkas, Richard"]
[Result "0-1"]
[WhiteElo "1590"]
[BlackElo "1877"]
[PlyCount "64"]
[EventDate "2010.03.19"]
[EventType "swiss"]
[EventRounds "9"]
[EventCountry "HUN"]
[SourceTitle "CBM 135 Extra"]
[Source "ChessBase"]
[SourceDate "2010.05.04"]
[SourceVersion "1"]
[SourceVersionDate "2010.05.04"]
[SourceQuality "1"]

1. e4 e6 2. d4 d5 3. exd5 exd5 4. Nf3 Bd6 5. c4 dxc4 6. Bxc4 Ne7 7. Ng5 Bb4+ 8. Nc3 0-0 9. Qh5 Bf5 10. Nxf7 Qxd4 11. Nh6+ Kh8 12. Nf7+ Rxf7 13. Qxf7 Bxc3+ 14. bxc3 Qxc3+ 15. Ke2 Nbc6 16. Be3 Qc2+ 17. Bd2 Bg6 18. Qf4 Rd8 19. Rhc1 Nd4+ 20. Qxd4 Rxd4 21. Rxc2 Bxc2 22. Bb3 Bg6 23. Be3 Rd8 24. Bxa7 b6 25. Rc1 Bd3+ 26. Kf3 Rd7 27. Bb8 c5 28. Rd1 Nc6 29. Ba4 b5 30. Bxb5 Nd4+ 31. Ke3 Bxb5 32. Be5 Nc2+ 0-1

[Event "HUN-ch U14"]
[Site "Balatonlelle"]
[Date "2009.07.05"]
[Round "9"]
[White "Slezak, Daniel Robert"]
[Black "Haszon, Abel"]
[Result "1-0"]
[WhiteElo "1525"]
[BlackElo "1731"]
[PlyCount "35"]
[EventDate "2009.06.27"]
[EventType "swiss"]
[EventRounds "9"]
[EventCountry "HUN"]
[SourceTitle "EXT 2011"]
[Source "ChessBase"]
[SourceDate "2010.11.26"]
[SourceVersion "1"]
[SourceVersionDate "2010.11.26"]
[SourceQuality "1"]

1. e4 c6 2. c4 d5 3. exd5 cxd5 4. d4 Nf6 5. Nc3 Nc6 6. Nf3 Bg4 7. cxd5 Nxd5 8. Bc4 Nb6 9. Bxf7+ Kxf7 10. Ng5+ Ke8 11. Qxg4 Qxd4 12. Qxd4 Nxd4 13. 0-0 Kd7 14. Rd1 e5 15. Be3 Be7 16. Nf7 Rhf8 17. Nxe5+ Ke6 18. Bxd4 1-0

[Event "HUN-ch U14"]
[Site "Balatonlelle"]
[Date "2009.07.01"]
[Round "5"]
[White "Darai, Tihamer"]
[Black "Slezak, Daniel Robert"]
[Result "1-0"]
[WhiteElo "1784"]
[BlackElo "1525"]
[PlyCount "35"]
[EventDate "2009.06.27"]
[EventType "swiss"]
[EventRounds "9"]
[EventCountry "HUN"]
[SourceTitle "EXT 2011"]
[Source "ChessBase"]
[SourceDate "2010.11.26"]
[SourceVersion "1"]
[SourceVersionDate "2010.11.26"]
[SourceQuality "1"]

1. e4 Nf6 2. Nc3 d5 3. exd5 Nxd5 4. Nxd5 Qxd5 5. Nf3 Bf5 6. Be2 e5 7. d3 e4 8. dxe4 Qxd1+ 9. Bxd1 Bxe4 10. 0-0 Bg6 11. Re1+ Be7 12. Bf4 c6 13. Bd6 0-0 14. Rxe7 Na6 15. c3 Rfd8 16. Bf4 Rd5 17. Bb3 Rf5 18. Rae1 1-0